[Event "DVM U20w 2009"]
[Site "Chemnitz GER"]
[Date "2009.12.27"]
[Round "1"]
[White "Mitze, Teresa"]
[Black "Brühan, Caren"]
[Result "0-1"]
[Termination "normal"]
[Board "7.3"]
[WhiteElo "767"]
[BlackElo "1288"]
[WhiteTeam "SC 1979 Hattersheim"]
[BlackTeam "SC Réti Heusweiler"]
[PlyCount "96"]
[BlackFideId "24691976"]
[EventCountry "GER"]
[EventRounds "7"]
[EventType "team-swiss"]
[EventDate "2009.12.26"]

1. e4 c5 2. Nf3 Nc6 3. Bb5 g6 4. O-O Bg7 5. d3 Nf6 6. Bg5 O-O 7. Bxc6 bxc6 8.
Nbd2 d5 9. e5 Nd7 10. Qe2 h6 11. Bh4 Nb6 12. h3 Bf5 13. Rae1 Qc7 14. b3 Rfe8
15. a4 a5 16. Qd1 Nd7 17. Bg3 e6 18. c4 Bxd3 19. cxd5 cxd5 20. Bh4 Bxf1 21.
Rxf1 Nxe5 22. Nxe5 Qxe5 23. Nf3 Qc3 24. Re1 Rab8 25. Nd2 Rb4 26. Re3 Qa1 27.
Qe1 Qxe1+ 28. Rxe1 Rxh4 29. Nf3 Rb4 30. Nd2 Bc3 31. Re2 Bxd2 32. Rxd2 Rxb3 33.
Rc2 c4 34. Rc1 Reb8 35. Kh2 R3b4 36. Re1 Rxa4 37. f3 Ra2 38. Rg1 a4 39. Kg3
Rab2 40. Rf1 Rb1 41. Kf2 Rxf1+ 42. Kxf1 a3 43. Ke1 a2 44. Kf2 a1=Q 45. Kg3 Qe5+
46. Kf2 Rb2+ 47. Kg1 Qe2 48. Kh1 Qxg2# 0-1

[Event "DVM U20w 2009"]
[Site "Chemnitz GER"]
[Date "2009.12.28"]
[Round "4"]
[White "Lorenz, Nicole"]
[Black "Erben, Larissa"]
[Result "0-1"]
[Termination "normal"]
[Board "1.1"]
[WhiteElo "1889"]
[BlackElo "2023"]
[WhiteTeam "SG Grün-Weiß Dresden"]
[BlackTeam "SV Stuttgart-Wolfbusch 1956"]
[PlyCount "54"]
[WhiteFideId "24623709"]
[BlackFideId "24634590"]
[EventCountry "GER"]
[EventRounds "7"]
[EventType "team-swiss"]
[EventDate "2009.12.26"]

1. e4 c5 2. Nf3 e6 3. d4 cxd4 4. Nxd4 Nc6 5. Nc3 Qc7 6. Be3 a6 7. Nxc6 bxc6 8.
Na4 Rb8 9. b3 Nf6 10. Bd3 d5 11. exd5 cxd5 12. c4 Bb4+ 13. Ke2 dxc4 14. Bxc4
O-O 15. Qc2 Bb7 16. Bd3 Qe5 17. Qb2 Qh5+ 18. f3 Rfd8 19. Rac1 Rxd3 20. Kxd3
Qg6+ 21. Kc4 Bd5+ 22. Kd4 e5+ 23. Kxe5 Re8+ 24. Kd4 Re4+ 25. Kd3 Rf4+ 26. Ke2
Qxg2+ 27. Kd3 Qg6+ 0-1

[Event "DVM U20w 2009"]
[Site "Chemnitz GER"]
[Date "2009.12.28"]
[Round "4"]
[White "Djalalova, Nigora"]
[Black "Stark, Saskia"]
[Result "0-1"]
[Termination "normal"]
[Board "1.2"]
[WhiteElo "1984"]
[BlackElo "1956"]
[WhiteTeam "SV Stuttgart-Wolfbusch 1956"]
[BlackTeam "SG Grün-Weiß Dresden"]
[PlyCount "114"]
[WhiteFideId "14202166"]
[BlackFideId "4601050"]
[EventCountry "GER"]
[EventRounds "7"]
[EventType "team-swiss"]
[EventDate "2009.12.26"]

1. d4 d5 2. c4 dxc4 3. Nf3 Nf6 4. e3 Bg4 5. Bxc4 e6 6. O-O a6 7. a3 Nc6 8. Nc3
Bd6 9. h3 Bh5 10. Re1 O-O 11. Be2 Nd5 12. Bd2 Kh8 13. Rc1 f5 14. Nxd5 exd5 15.
Qb3 Rb8 16. Kh1 Bf7 17. Bd3 Qf6 18. Qc2 Ne7 19. Bc3 Be6 20. Ne5 c5 21. f4 c4
22. Be2 Ng8 23. Qd2 Qe7 24. Bf3 Nf6 25. Qe2 Ra8 26. Ra1 b5 27. Bb4 Bxb4 28. Nc6
Qd6 29. Nxb4 a5 30. Nc2 Rfe8 31. g4 Bd7 32. g5 Ne4 33. Qg2 b4 34. Bxe4 fxe4 35.
Rec1 Reb8 36. Ne1 bxa3 37. Rxa3 Qb4 38. Rca1 a4 39. h4 Qxb2 40. R3a2 Qxg2+ 41.
Kxg2 Rb3 42. Kf2 Rab8 43. Nc2 Kg8 44. Ke1 Kf7 45. Ra3 Kg6 46. Kd2 Rxa3 47. Rxa3
Rb1 48. Ra2 Kh5 49. Na3 Rb3 50. Ra1 Rd3+ 51. Ke2 Bg4+ 52. Kf2 Rd2+ 53. Kg1 Kxh4
54. Nb5 Rd1+ 55. Rxd1 Bxd1 56. Kf2 Bb3 57. Ke2 c3 0-1

[Event "DVM U20w 2009"]
[Site "Chemnitz GER"]
[Date "2009.12.28"]
[Round "4"]
[White "Dorn, Carina"]
[Black "Stitterich, Nadine"]
[Result "0-1"]
[Termination "normal"]
[Board "1.3"]
[WhiteElo "1867"]
[BlackElo "1956"]
[WhiteTeam "SG Grün-Weiß Dresden"]
[BlackTeam "SV Stuttgart-Wolfbusch 1956"]
[PlyCount "80"]
[WhiteFideId "24666335"]
[BlackFideId "24676527"]
[EventCountry "GER"]
[EventRounds "7"]
[EventType "team-swiss"]
[EventDate "2009.12.26"]

1. d4 Nf6 2. c4 g6 3. Nc3 Bg7 4. e4 d6 5. Nf3 O-O 6. Be2 e5 7. O-O Nc6 8. d5
Ne7 9. b4 Nh5 10. Re1 f5 11. Ng5 Nf6 12. Bf3 h6 13. Ne6 Bxe6 14. dxe6 f4 15. c5
g5 16. Bb2 Kh8 17. cxd6 cxd6 18. Nb5 Nc8 19. Rc1 a6 20. Nc7 Ra7 21. Bg4 Ne7 22.
Bf5 b5 23. Qc2 Qb8 24. Bxe5 dxe5 25. Qc5 Nxf5 26. exf5 Rc8 27. Nxa6 Rxc5 28.
Nxb8 Rxc1 29. Rxc1 Rxa2 30. Rc8+ Kh7 31. h3 Ra1+ 32. Kh2 Ra8 33. e7 e4 34. e8=Q
Nxe8 35. Rxe8 e3 36. fxe3 fxe3 37. Kg3 Rxb8 38. Rxb8 Be5+ 39. Kf3 Bxb8 40. Kxe3
Bd6 0-1

[Event "DVM U20w 2009"]
[Site "Chemnitz GER"]
[Date "2009.12.28"]
[Round "4"]
[White "Mijatovic, Andrea"]
[Black "Kosovska, Olena"]
[Result "0-1"]
[Termination "normal"]
[Board "1.4"]
[WhiteElo "1869"]
[BlackElo "1850"]
[WhiteTeam "SV Stuttgart-Wolfbusch 1956"]
[BlackTeam "SG Grün-Weiß Dresden"]
[PlyCount "60"]
[WhiteFideId "14514524"]
[BlackFideId "4647963"]
[EventCountry "GER"]
[EventRounds "7"]
[EventType "team-swiss"]
[EventDate "2009.12.26"]

1. e4 c5 2. Nf3 Nc6 3. d4 cxd4 4. Nxd4 e5 5. Nb5 a6 6. Nd6+ Bxd6 7. Qxd6 Qf6 8.
Qxf6 Nxf6 9. Nc3 Nb4 10. Bd3 d5 11. exd5 Nxd3+ 12. cxd3 Bf5 13. O-O O-O 14. Re1
Rfe8 15. Bg5 Bxd3 16. Bxf6 gxf6 17. Re3 Bg6 18. Rd1 Red8 19. d6 Rac8 20. Re2
Kg7 21. f3 Rc6 22. Red2 f5 23. Rd5 f6 24. a3 Bf7 25. R5d3 Bc4 26. Re3 Rcxd6 27.
Rxd6 Rxd6 28. b4 Rd2 29. Na4 Rd1+ 30. Kf2 Rf1+ 0-1

[Event "DVM U20w 2009"]
[Site "Chemnitz GER"]
[Date "2009.12.28"]
[Round "4"]
[White "Brustina, Valeriya"]
[Black "Frey, Alisa"]
[Result "0-1"]
[Termination "normal"]
[Board "2.2"]
[WhiteElo "1353"]
[BlackElo "2038"]
[WhiteTeam "SF Düsseldorf 75"]
[BlackTeam "TSV Schott-Mainz"]
[PlyCount "104"]
[BlackFideId "24634662"]
[EventCountry "GER"]
[EventRounds "7"]
[EventType "team-swiss"]
[EventDate "2009.12.26"]

1. c4 e5 2. Nc3 Nf6 3. g3 d5 4. e3 c5 5. d4 dxc4 6. dxe5 Qxd1+ 7. Nxd1 Ng4 8.
f4 Bd7 9. Bg2 Bc6 10. Nf3 Na6 11. a3 O-O-O 12. Nf2 Nxf2 13. Kxf2 Nc7 14. Ng5
Bxg2 15. Kxg2 Rd7 16. e4 h6 17. Nf3 Be7 18. Be3 Rd3 19. Kf2 c3 20. bxc3 Rxc3
21. Rhc1 Rxc1 22. Rxc1 b6 23. a4 Rd8 24. Ke2 Kb7 25. h4 Na6 26. f5 Nb4 27. f6
Bf8 28. a5 Re8 29. Nd2 Rxe5 30. fxg7 Bxg7 31. axb6 axb6 32. Nc4 Re6 33. Rd1 Kc6
34. Kf3 Nc2 35. Rd5 Nxe3 36. Kxe3 Bd4+ 37. Kf3 Kc7 38. Rf5 Rf6 39. Rxf6 Bxf6
40. e5 Be7 41. Ke4 Kc6 42. Ne3 b5 43. Nf5 Bf8 44. g4 b4 45. g5 hxg5 46. hxg5 b3
47. Kd3 Kd5 48. Nh6 c4+ 49. Kc3 Ke6 50. Ng4 Bg7 51. Ne3 Bxe5+ 52. Kd2 Bf4 0-1

[Event "DVM U20w 2009"]
[Site "Chemnitz GER"]
[Date "2009.12.28"]
[Round "4"]
[White "Wichtmann, Barbara"]
[Black "Voss, Janine"]
[Result "0-1"]
[Termination "normal"]
[Board "2.4"]
[WhiteElo "1037"]
[BlackElo "1820"]
[WhiteTeam "SF Düsseldorf 75"]
[BlackTeam "TSV Schott-Mainz"]
[PlyCount "78"]
[BlackFideId "24677329"]
[EventCountry "GER"]
[EventRounds "7"]
[EventType "team-swiss"]
[EventDate "2009.12.26"]

1. e4 c5 2. Nf3 d6 3. d4 cxd4 4. Nxd4 Nf6 5. Nc3 g6 6. f4 Nc6 7. Nf3 Bg7 8. Bd3
O-O 9. O-O Bd7 10. Be3 Ng4 11. Qe2 Nxe3 12. Qxe3 Rc8 13. Rab1 Qa5 14. a3 Be6
15. Nd1 b5 16. f5 Bd7 17. c3 a6 18. Nd4 Nxd4 19. cxd4 Qb6 20. e5 dxe5 21. dxe5
Qxe3+ 22. Nxe3 Bxe5 23. Nd5 Bd4+ 24. Kh1 Rfe8 25. fxg6 hxg6 26. Rfe1 Be6 27.
Nb4 Red8 28. Re4 a5 29. Nc2 Bxb2 30. Rxb2 Rxd3 31. Re2 Rxc2 32. h3 Rxe2 33.
Rxe2 Rxa3 34. Rb2 Rb3 35. Rd2 a4 36. Kh2 a3 37. h4 Rb2 38. Rd1 a2 39. Ra1 Rb1
0-1

[Event "DVM U20w 2009"]
[Site "Chemnitz GER"]
[Date "2009.12.28"]
[Round "4"]
[White "Nekrasova, Kateryna"]
[Black "Karmann, Anna"]
[Result "0-1"]
[Termination "normal"]
[Board "3.1"]
[WhiteElo "1810"]
[BlackElo "1912"]
[WhiteTeam "SV Empor-Berlin"]
[BlackTeam "SG Porz"]
[PlyCount "64"]
[WhiteFideId "24636266"]
[BlackFideId "24648000"]
[EventCountry "GER"]
[EventRounds "7"]
[EventType "team-swiss"]
[EventDate "2009.12.26"]

1. e4 c6 2. d4 d5 3. Nc3 dxe4 4. Nxe4 Bf5 5. Ng3 Bg6 6. Nf3 Nd7 7. Bd3 e6 8.
O-O Ngf6 9. c4 Be7 10. Re1 O-O 11. Bf4 Nb6 12. b3 c5 13. Bxg6 hxg6 14. Qd2 cxd4
15. Nxd4 Bc5 16. Rad1 Qe7 17. Nc2 Rad8 18. Qe2 Nc8 19. Rxd8 Rxd8 20. Rd1 Rxd1+
21. Qxd1 Bd6 22. Bxd6 Nxd6 23. Qd3 Nf5 24. Nxf5 gxf5 25. b4 Qc7 26. Nd4 Qe5 27.
Qe3 Qd6 28. c5 Qd5 29. Qd2 Ne4 30. Qe3 f4 31. Qd3 e5 32. f3 Nf6 0-1

[Event "DVM U20w 2009"]
[Site "Chemnitz GER"]
[Date "2009.12.28"]
[Round "4"]
[White "Zikeli, Julia"]
[Black "Velina, Valeria"]
[Result "1/2-1/2"]
[Termination "normal"]
[Board "3.2"]
[WhiteElo "1852"]
[BlackElo "1781"]
[WhiteTeam "SG Porz"]
[BlackTeam "SV Empor-Berlin"]
[PlyCount "67"]
[WhiteFideId "24622753"]
[BlackFideId "24677345"]
[EventCountry "GER"]
[EventRounds "7"]
[EventType "team-swiss"]
[EventDate "2009.12.26"]

1. e4 c6 2. Nf3 d5 3. Nc3 dxe4 4. Nxe4 Nf6 5. Ng3 e6 6. d4 Bd6 7. Bd3 Nbd7 8.
c4 c5 9. Bg5 cxd4 10. Nxd4 Qa5+ 11. Bd2 Qe5+ 12. Nge2 Bc5 13. Bf4 Bb4+ 14. Bd2
Bxd2+ 15. Qxd2 O-O 16. f4 Qc5 17. b4 Qe7 18. O-O b6 19. Nc6 Qe8 20. Ned4 Bb7
21. Rae1 Kh8 22. Re3 Qc8 23. Ne5 Nxe5 24. fxe5 Ne8 25. Nb5 Qd7 26. Rh3 g6 27.
Nd6 f5 28. Qg5 Rb8 29. Nxb7 Rxb7 30. Qxg6 Qd4+ 31. Kh1 Qxe5 32. Qg3 Qxg3 33.
Rxg3 Rd7 34. Re1 1/2-1/2

[Event "DVM U20w 2009"]
[Site "Chemnitz GER"]
[Date "2009.12.28"]
[Round "4"]
[White "Müller, Anna-Louise"]
[Black "Micklich, Rahel"]
[Result "0-1"]
[Termination "normal"]
[Board "3.3"]
[WhiteElo "1644"]
[BlackElo "1778"]
[WhiteTeam "SV Empor-Berlin"]
[BlackTeam "SG Porz"]
[PlyCount "98"]
[WhiteFideId "4633512"]
[BlackFideId "24639184"]
[EventCountry "GER"]
[EventRounds "7"]
[EventType "team-swiss"]
[EventDate "2009.12.26"]

1. e4 c5 2. Nf3 d6 3. d4 cxd4 4. Nxd4 Nf6 5. Nc3 a6 6. Be2 e6 7. Be3 Be7 8. O-O
O-O 9. f4 Qc7 10. Qe1 b5 11. Bf3 Bb7 12. a3 Nbd7 13. Qg3 Nc5 14. e5 Nfe4 15.
Nxe4 Nxe4 16. Bxe4 Bxe4 17. f5 Bxf5 18. Nxf5 exf5 19. Bh6 Qc5+ 20. Be3 Qxe5 21.
Qxe5 dxe5 22. Rxf5 Bf6 23. Raf1 Rac8 24. c3 Rcd8 25. g4 Rd5 26. g5 Be7 27. h4
Bc5 28. Bxc5 Rxc5 29. Re1 f6 30. Ref1 Rc6 31. R1f2 Re6 32. Kg2 Kf7 33. h5 Ke7
34. Kg3 g6 35. hxg6 hxg6 36. gxf6+ Rfxf6 37. Rxf6 Rxf6 38. Re2 Rf5 39. Re4 Ke6
40. b3 Kd5 41. Rg4 g5 42. c4+ bxc4 43. Rxc4 Rf4 44. Rc8 e4 45. Rd8+ Ke5 46.
Re8+ Kd4 47. Rd8+ Ke3 48. Rd6 Rf3+ 49. Kg2 Rf2+ 0-1

[Event "DVM U20w 2009"]
[Site "Chemnitz GER"]
[Date "2009.12.28"]
[Round "4"]
[White "Tunc, Helin"]
[Black "Berdin, Victoria"]
[Result "1-0"]
[Termination "normal"]
[Board "3.4"]
[WhiteElo "1534"]
[BlackElo "1032"]
[WhiteTeam "SG Porz"]
[BlackTeam "SV Empor-Berlin"]
[PlyCount "81"]
[WhiteFideId "24659304"]
[EventCountry "GER"]
[EventRounds "7"]
[EventType "team-swiss"]
[EventDate "2009.12.26"]

1. d4 d5 2. c4 e6 3. Nc3 Nf6 4. Bf4 c6 5. e3 Nbd7 6. Nf3 Be7 7. Bd3 O-O 8. O-O
h6 9. Qe2 Re8 10. Rfc1 Bb4 11. cxd5 cxd5 12. Nb5 Rf8 13. a3 Ba5 14. Bd6 Re8 15.
Bc7 Qe7 16. Bxa5 Rb8 17. Bb4 Qd8 18. Bd6 Ra8 19. Nc7 Rb8 20. Nxe8 Qxe8 21. Bxb8
Nxb8 22. Qc2 Nc6 23. Bb5 a6 24. Bxc6 bxc6 25. Qxc6 Qxc6 26. Rxc6 Bd7 27. Rxa6
Be8 28. Ra8 Kf8 29. b4 Kg8 30. b5 Kf8 31. b6 Kg8 32. b7 Kf8 33. b8=Q Kg8 34.
Rc1 Kf8 35. Rc8 Kg8 36. Rxe8+ Kh7 37. Nh4 Ng8 38. Rxg8 g5 39. Qc7 h5 40. Qxf7+
Kh6 41. Rh8# 1-0

[Event "DVM U20w 2009"]
[Site "Chemnitz GER"]
[Date "2009.12.28"]
[Round "4"]
[White "Bachem, Sabrina"]
[Black "Sonnhalter, Stella"]
[Result "1/2-1/2"]
[Termination "normal"]
[Board "4.1"]
[WhiteElo "1474"]
[BlackElo "1730"]
[WhiteTeam "TTC GW Fritzdorf 1958"]
[BlackTeam "SC Réti Heusweiler"]
[PlyCount "72"]
[BlackFideId "4624815"]
[EventCountry "GER"]
[EventRounds "7"]
[EventType "team-swiss"]
[EventDate "2009.12.26"]

1. d4 Nf6 2. Bf4 e6 3. Nf3 b6 4. e3 Bb7 5. Be2 c5 6. c3 Be7 7. h3 d5 8. Nbd2
Nc6 9. O-O O-O 10. Ne5 Nxe5 11. Bxe5 Nd7 12. Bg3 Bf6 13. Nf3 Qe7 14. b3 e5 15.
Qc2 Rac8 16. Qd2 Rfd8 17. Rac1 c4 18. b4 e4 19. Nh2 Bg5 20. Ng4 f5 21. Ne5 Nxe5
22. Bxe5 Rf8 23. f4 Bh4 24. Kh2 Rc6 25. Rh1 Rg6 26. g4 Bc8 27. Rcg1 Bf2 28. Rg2
Qh4 29. g5 h6 30. Bd1 Bxe3 31. Qxe3 hxg5 32. fxg5 f4 33. Bxf4 Rxf4 34. Rhg1 Rf8
35. Qg3 Qxg3+ 36. Rxg3 b5 1/2-1/2

[Event "DVM U20w 2009"]
[Site "Chemnitz GER"]
[Date "2009.12.28"]
[Round "4"]
[White "Alt, Elisabeth"]
[Black "Sturm, Johanna"]
[Result "1/2-1/2"]
[Termination "normal"]
[Board "4.2"]
[WhiteElo "1328"]
[BlackElo "1464"]
[WhiteTeam "SC Réti Heusweiler"]
[BlackTeam "TTC GW Fritzdorf 1958"]
[PlyCount "55"]
[WhiteFideId "24692620"]
[BlackFideId "12909904"]
[EventCountry "GER"]
[EventRounds "7"]
[EventType "team-swiss"]
[EventDate "2009.12.26"]

1. e4 e5 2. Nf3 Nc6 3. d4 exd4 4. Nxd4 Bc5 5. Nxc6 Qf6 6. Qe2 Qxc6 7. Nc3 Ne7
8. Bf4 Bb4 9. Bd2 O-O 10. Qf3 a6 11. Bd3 Re8 12. O-O d6 13. a3 Ba5 14. b4 Bb6
15. b5 Qd7 16. bxa6 bxa6 17. Bc4 Rf8 18. e5 Rb8 19. exd6 Qxd6 20. Rfd1 Bb7 21.
Qf4 Qc6 22. Bf1 Ba5 23. Qe5 Bxc3 24. Bxc3 f6 25. Qxe7 Qxc3 26. Qe2 Kh8 27. Qc4
Qxc4 28. Bxc4 1/2-1/2

[Event "DVM U20w 2009"]
[Site "Chemnitz GER"]
[Date "2009.12.28"]
[Round "4"]
[White "Bachem, Lisa"]
[Black "Brühan, Caren"]
[Result "0-1"]
[Termination "normal"]
[Board "4.3"]
[WhiteElo "1221"]
[BlackElo "1288"]
[WhiteTeam "TTC GW Fritzdorf 1958"]
[BlackTeam "SC Réti Heusweiler"]
[PlyCount "92"]
[WhiteFideId "12909912"]
[BlackFideId "24691976"]
[EventCountry "GER"]
[EventRounds "7"]
[EventType "team-swiss"]
[EventDate "2009.12.26"]

1. e4 c5 2. Nf3 Nc6 3. d4 cxd4 4. Nxd4 g6 5. Nc3 Bg7 6. Be3 Nf6 7. Bb5 O-O 8.
O-O a6 9. Bc4 b5 10. Bb3 Bb7 11. f3 Rc8 12. Qd2 Ne5 13. Nde2 Qc7 14. Bf4 d6 15.
Bxe5 dxe5 16. a3 Rfd8 17. Nd5 Nxd5 18. exd5 e6 19. Nc3 exd5 20. Nxd5 Bxd5 21.
Bxd5 Qc5+ 22. Kh1 Rxd5 23. Qg5 e4 24. Qf4 exf3 25. Qxf3 Rf5 26. Qb3 Qxc2 27.
Qxc2 Rxc2 28. Rxf5 gxf5 29. g3 Bxb2 30. Ra2 Rc1+ 31. Kg2 Bg7 32. Kf3 Ra1 33.
Rxa1 Bxa1 34. Kf4 Bb2 35. Kxf5 Bxa3 36. Ke4 b4 37. Kd3 b3 38. Kc3 b2 39. Kc2
Kg7 40. Kb1 Kg6 41. Ka2 Kg5 42. h3 h5 43. Kb1 h4 44. g4 f5 45. gxf5 Kxf5 46.
Kc2 Kf4 0-1

[Event "DVM U20w 2009"]
[Site "Chemnitz GER"]
[Date "2009.12.28"]
[Round "4"]
[White "Puffay, Jana"]
[Black "Jentsch, Jasmin"]
[Result "1-0"]
[Termination "normal"]
[Board "4.4"]
[WhiteElo "1289"]
[BlackElo "1144"]
[WhiteTeam "SC Réti Heusweiler"]
[BlackTeam "TTC GW Fritzdorf 1958"]
[PlyCount "49"]
[WhiteFideId "24692360"]
[BlackFideId "12909920"]
[EventCountry "GER"]
[EventRounds "7"]
[EventType "team-swiss"]
[EventDate "2009.12.26"]

1. e4 c5 2. Nc3 e6 3. f4 d6 4. Nf3 Nc6 5. Bc4 Na5 6. Bb5+ Bd7 7. Qe2 a6 8.
Bxd7+ Qxd7 9. d4 cxd4 10. Nxd4 e5 11. Nf5 g6 12. Ng3 Be7 13. O-O Bh4 14. Qf3
Nc6 15. Be3 Bxg3 16. Qxg3 f6 17. Nd5 Qc8 18. Nb6 exf4 19. Qxf4 g5 20. Qxd6 Qd8
21. Qe6+ Nge7 22. Nxa8 Qxa8 23. Bc5 b6 24. Bxe7 Nxe7 25. Qxf6 1-0

[Event "DVM U20w 2009"]
[Site "Chemnitz GER"]
[Date "2009.12.28"]
[Round "4"]
[White "Rogasch, Miriam"]
[Black "Kleinschmidt, Annika"]
[Result "1-0"]
[Termination "normal"]
[Board "5.1"]
[WhiteElo "1911"]
[BlackElo "1568"]
[WhiteTeam "SV Gryps"]
[BlackTeam "SK Nordhorn-Blanke"]
[PlyCount "107"]
[WhiteFideId "4616324"]
[BlackFideId "24670049"]
[EventCountry "GER"]
[EventRounds "7"]
[EventType "team-swiss"]
[EventDate "2009.12.26"]

1. e4 e6 2. d4 d5 3. Nd2 dxe4 4. Nxe4 Nf6 5. Bd3 Be7 6. Nf3 O-O 7. Bf4 Nbd7 8.
O-O b6 9. Ne5 Bb7 10. Qe2 Rc8 11. Rad1 Qe8 12. c4 c5 13. Nxd7 Qxd7 14. Nxf6+
Bxf6 15. dxc5 Qc6 16. f3 Qxc5+ 17. Kh1 Rfd8 18. a3 Ba6 19. Qe4 g6 20. b4 Qe7
21. Qe2 Bg7 22. Rc1 Qd7 23. Rfd1 Qd4 24. b5 Qxf4 25. bxa6 Qd6 26. Bxg6 Qxa3 27.
Bd3 Kh8 28. Qe4 Kg8 29. Qxh7+ Kf8 30. Qe4 Rd4 31. Qb7 Rcd8 32. Be2 Qe3 33. Re1
R4d7 34. Qe4 Qc5 35. Red1 Qa3 36. Qc2 Bh6 37. Rxd7 Rxd7 38. Rd1 Rxd1+ 39. Qxd1
Qxa6 40. h4 Qa3 41. g4 Bf4 42. g5 a5 43. Qd8+ Kg7 44. Qf6+ Kg8 45. Qxf4 Qa1+
46. Kg2 Qb2 47. Kf2 a4 48. c5 bxc5 49. Qxa4 Qe5 50. f4 Qf5 51. h5 e5 52. Qe8+
Kg7 53. Qxe5+ Qxe5 54. fxe5 1-0

[Event "DVM U20w 2009"]
[Site "Chemnitz GER"]
[Date "2009.12.28"]
[Round "4"]
[White "Veelders, Wiebke"]
[Black "Hartmann, Elisa"]
[Result "1/2-1/2"]
[Termination "normal"]
[Board "5.2"]
[WhiteElo "1484"]
[BlackElo "1732"]
[WhiteTeam "SK Nordhorn-Blanke"]
[BlackTeam "SV Gryps"]
[PlyCount "89"]
[WhiteFideId "1270955"]
[BlackFideId "4616235"]
[EventCountry "GER"]
[EventRounds "7"]
[EventType "team-swiss"]
[EventDate "2009.12.26"]

1. c4 c5 2. Nc3 Nc6 3. g3 Nf6 4. Bg2 g6 5. e3 Bg7 6. Nge2 O-O 7. O-O e6 8. a3
d5 9. cxd5 Nxd5 10. Nxd5 exd5 11. d4 cxd4 12. Nxd4 Nxd4 13. exd4 Be6 14. Be3
Rc8 15. Qb3 Rc4 16. Rfd1 Qd7 17. Rac1 Rfc8 18. Rxc4 dxc4 19. Qxb7 Qxb7 20. Bxb7
Rb8 21. Bc6 Rxb2 22. d5 Bg4 23. Rc1 c3 24. d6 Kf8 25. Bc5 Bf6 26. Kg2 c2 27. f3
Bf5 28. d7+ Kg7 29. Bd4 Rb8 30. Bxa7 Rb1 31. Bd4 Rb8 32. Bxf6+ Kxf6 33. Be4
Bxd7 34. Rxc2 Rb3 35. Ra2 Be6 36. Ra1 Rb2+ 37. Kg1 Ke5 38. g4 h5 39. h3 f5 40.
Bc6 fxg4 41. hxg4 hxg4 42. fxg4 Bxg4 43. a4 Bc8 44. a5 Rc2 45. Bg2 1/2-1/2

[Event "DVM U20w 2009"]
[Site "Chemnitz GER"]
[Date "2009.12.28"]
[Round "4"]
[White "Sadewasser, Lucie"]
[Black "Baisakow, Christine"]
[Result "0-1"]
[Termination "normal"]
[Board "5.3"]
[WhiteElo "1124"]
[BlackElo "1476"]
[WhiteTeam "SV Gryps"]
[BlackTeam "SK Nordhorn-Blanke"]
[PlyCount "74"]
[WhiteFideId "12905445"]
[BlackFideId "24680052"]
[EventCountry "GER"]
[EventRounds "7"]
[EventType "team-swiss"]
[EventDate "2009.12.26"]

1. e4 c5 2. Nf3 d6 3. Nc3 Nf6 4. d3 a6 5. Bg5 e6 6. Be2 Be7 7. O-O Nbd7 8. Qd2
b5 9. a3 Nb6 10. d4 cxd4 11. Qxd4 Bb7 12. e5 dxe5 13. Qxd8+ Rxd8 14. Nxe5 O-O
15. Rad1 h6 16. Bh4 g5 17. Bg3 Ne4 18. Nxe4 Bxe4 19. c3 f6 20. Nf3 Bxf3 21.
Bxf3 Nc4 22. b4 Rxd1 23. Rxd1 f5 24. Re1 f4 25. Rxe6 Bf6 26. Bd5 Kg7 27. Bxc4
bxc4 28. Rxa6 Rc8 29. b5 Bxc3 30. b6 Rd8 31. h3 Rd1+ 32. Kh2 fxg3+ 33. fxg3 Rb1
34. Ra7+ Kg6 35. b7 Be5 36. a4 Rb3 37. Kh1 Bxg3 0-1

[Event "DVM U20w 2009"]
[Site "Chemnitz GER"]
[Date "2009.12.28"]
[Round "4"]
[White "Warmer, Marina"]
[Black "Vu, Uyen My"]
[Result "1-0"]
[Termination "normal"]
[Board "5.4"]
[WhiteElo "1337"]
[BlackElo "970"]
[WhiteTeam "SK Nordhorn-Blanke"]
[BlackTeam "SV Gryps"]
[PlyCount "91"]
[WhiteFideId "12909840"]
[EventCountry "GER"]
[EventRounds "7"]
[EventType "team-swiss"]
[EventDate "2009.12.26"]

1. e4 e5 2. Nf3 Nc6 3. d4 exd4 4. Nxd4 Nf6 5. Nxc6 bxc6 6. e5 Qe7 7. Qe2 Nd5 8.
c4 Ba6 9. Qe4 Nf6 10. Qe2 Nd5 11. f4 g6 12. Qd2 Nb6 13. c5 Bxf1 14. cxb6 Bb5
15. bxc7 Qc5 16. Nc3 Qb6 17. b3 Qxc7 18. Bb2 Bg7 19. O-O-O O-O 20. Qxd7 Qxd7
21. Rxd7 Rfe8 22. Rhd1 Bh6 23. g3 Rxe5 24. Kb1 Ree8 25. R1d2 Bg7 26. Nd1 Bf8
27. Nf2 Bb4 28. Rd1 f5 29. Nh3 Re2 30. Ng5 Be7 31. a4 Ba6 32. Rc1 Bc8 33. Rc7
c5 34. b4 Bd8 35. R7xc5 Bb7 36. Re5 Rxe5 37. Bxe5 Bxg5 38. fxg5 Re8 39. Bf4 Re4
40. Bd6 Rd4 41. Bc5 Rg4 42. Rd1 Bc6 43. b5 Rc4 44. Bxa7 Rxa4 45. bxc6 Rxa7 46.
Rd7 1-0

[Event "DVM U20w 2009"]
[Site "Chemnitz GER"]
[Date "2009.12.28"]
[Round "4"]
[White "Lösch, Caroline"]
[Black "Büttner, Sarah"]
[Result "1/2-1/2"]
[Termination "normal"]
[Board "6.1"]
[WhiteElo "1278"]
[BlackElo "1326"]
[WhiteTeam "SC Vaterstetten"]
[BlackTeam "Dortmunder SV 1875"]
[PlyCount "77"]
[WhiteFideId "12909971"]
[BlackFideId "12909866"]
[EventCountry "GER"]
[EventRounds "7"]
[EventType "team-swiss"]
[EventDate "2009.12.26"]

1. e4 e5 2. Nf3 Nc6 3. Bc4 Bc5 4. d3 Nf6 5. Bg5 h6 6. Be3 Bxe3 7. fxe3 d6 8. h3
Na5 9. Bb3 Nxb3 10. axb3 O-O 11. Nc3 Re8 12. O-O c6 13. d4 Qb6 14. Qd3 c5 15.
dxe5 dxe5 16. Nd5 Qc6 17. Rad1 b5 18. Nxf6+ Qxf6 19. Qxb5 Ba6 20. Qxc5 Bxf1 21.
Rxf1 Qe7 22. Qd5 Rac8 23. c4 Rb8 24. c5 Rb5 25. b4 Kh8 26. Qc4 Qb7 27. c6 Rxb4
28. Qc5 Qb6 29. Qd6 Qxe3+ 30. Kh1 Rxe4 31. Re1 Qf4 32. c7 Rxe1+ 33. Nxe1 Qf1+
34. Kh2 Qxe1 35. Qd7 Rg8 36. c8=Q Rxc8 37. Qxc8+ Kh7 38. Qf5+ Kg8 39. Qc8+
1/2-1/2

[Event "DVM U20w 2009"]
[Site "Chemnitz GER"]
[Date "2009.12.28"]
[Round "4"]
[White "Friese, Sarah"]
[Black "Steinmann, Anna"]
[Result "1/2-1/2"]
[Termination "normal"]
[Board "6.2"]
[WhiteElo "1311"]
[BlackElo "1123"]
[WhiteTeam "Dortmunder SV 1875"]
[BlackTeam "SC Vaterstetten"]
[PlyCount "33"]
[WhiteFideId "24691950"]
[EventCountry "GER"]
[EventRounds "7"]
[EventType "team-swiss"]
[EventDate "2009.12.26"]

1. e4 e6 2. d4 d5 3. exd5 exd5 4. Nf3 Nf6 5. Bg5 Nc6 6. Nc3 Bb4 7. Qd3 O-O 8.
O-O-O Bg4 9. h3 Bh5 10. Bxf6 Qxf6 11. Nxd5 Qd6 12. Nxb4 Nxb4 13. Qb3 Bg6 14.
Rd2 Rfe8 15. a3 Nd5 16. Ne5 Nf4 17. Qf3 1/2-1/2

[Event "DVM U20w 2009"]
[Site "Chemnitz GER"]
[Date "2009.12.28"]
[Round "4"]
[White "Löbel, Annika"]
[Black "Finke, Lara"]
[Result "0-1"]
[Termination "normal"]
[Board "6.3"]
[WhiteElo "763"]
[BlackElo "1258"]
[WhiteTeam "SC Vaterstetten"]
[BlackTeam "Dortmunder SV 1875"]
[PlyCount "36"]
[BlackFideId "12909874"]
[EventCountry "GER"]
[EventRounds "7"]
[EventType "team-swiss"]
[EventDate "2009.12.26"]

1. e4 e5 2. Nf3 Nc6 3. Bc4 Be7 4. d3 Nf6 5. Nc3 d6 6. Bd2 Bg4 7. O-O O-O 8. h3
Bh5 9. Qe2 Nd4 10. Qe3 Nxc2 11. Qg5 Nxa1 12. Qg3 Nc2 13. Bh6 Bg6 14. Bg5 c6 15.
Nh4 Nh5 16. Qg4 Bxg5 17. Nf3 Be7 18. Ne2 Kh8 0-1